LEADER 01701nam 2200517 450 001 9910452778203321 005 20200520144314.0 010 $a0-19-537088-0 010 $a0-19-970796-0 035 $a(CKB)2550000001125688 035 $a(SSID)ssj0001003219 035 $a(PQKBManifestationID)12389517 035 $a(PQKBTitleCode)TC0001003219 035 $a(PQKBWorkID)11037027 035 $a(PQKB)11611120 035 $a(MiAaPQ)EBC1480976 035 $a(EXLCZ)992550000001125688 100 $a20130502h20142014 uy| 0 101 0 $aeng 135 $aurcnu|||||||| 181 $ctxt 182 $cc 183 $acr 200 10$aBerenice II and the golden age of Ptolemaic Egypt /$fDee L. Clayman 210 1$aNew York :$cOxford University Press,$d[2014] 210 4$dİ2014 215 $a1 online resource (289 pages) $cillustrations, maps 225 0$aWomen in antiquity 300 $aBibliographic Level Mode of Issuance: Monograph 311 $a0-19-537089-9 311 $a1-299-95077-9 320 $aIncludes bibliographical references and indexes. 327 $tBirth in Cyrene --$tArrival in Alexandria --$tCallimachus on murder and marriage --$tApollonius on murder and marriage --$tRuling and racing --$tBerenice in Egypt and another murder. 606 $aQueens$zEgypt$vBiography 607 $aEgypt$xHistory$y332-30 B.C 608 $aElectronic books. 615 0$aQueens 676 $a932.021092 700 $aClayman$b Dee L$0183622 801 0$bMiAaPQ 801 1$bMiAaPQ 801 2$bMiAaPQ 906 $aBOOK 912 $a9910452778203321 996 $aBerenice II and the golden age of Ptolemaic Egypt$91978890 997 $aUNINA LEADER 01267cam--2200385---450 001 990002799700203316 005 20220321110621.0 010 $a88-88338-76-4 035 $a000279970 035 $aUSA01000279970 035 $a(ALEPH)000279970USA01 035 $a000279970 100 $a20060823e20041898km-y0itay50------ba 101 0 $aita 102 $aIT 105 $aa|||||||001yy 200 1 $aFrancesco II re di Napoli$estoria del Reame delle Due Sicilie, 1859-96$fAngelo Insogna$gintroduzione di Giuseppe Catenacci 210 $aNapoli$cGrimaldi$d2004 215 $a16, CXI, 422 p.$cill.$d26 cm 225 2 $aBiblioteca napoletana$v22 300 $aRiproduzione facsimilare dell'edizione: Napoli : Stabilimento tipografico Michele Gambella, 1898 300 $aIn custodia 410 0$12001$aBiblioteca napoletana$v, 22 540 1 $aFrancesco 2. re di Napoli 676 $a945.70833092 700 1$aINSOGNA,$bAngelo$0562278 702 1$aCATENACCI,$bGiuseppe <1937- > 801 0$aIT$bsalbc$gISBD 912 $a990002799700203316 951 $aX.3.B. 7825$b189142 L.M.$cXV.1.$d00127313 951 $aX.3.B. 7825a$b251395 L.M.$cX.3.$d386031 959 $aBK 969 $aUMA 996 $aFrancesco II re di Napoli$91386871 997 $aUNISA